| 000 | 00491nam a2200193Ia 4500 | ||
|---|---|---|---|
| 003 | LK-CoDNM | ||
| 008 | 010623t1972 xxu||||| |||| 00| 1 sin d | ||
| 040 |
_aLK-CoDNM _dLK-CoDNM _eLK-CoDNM |
||
| 041 | _asin | ||
| 080 | _a(x)7 SEN | ||
| 100 | _aSenevirathna, Anuradha | ||
| 245 | _aගම්පොළ යුගයේ කලාශිල්ප | ||
| 246 | _aGampola ugayee kalashilpa | ||
| 260 |
_b _c1972 |
||
| 300 | _b50, 25 cm | ||
| 650 | _aArts | ||
| 650 | _aHistory | ||
| 942 | _cBK | ||
| 999 |
_c108849 _d108849 |
||